[Event "SK Neuburg 1-SK Starnberg 1"]
[Site "?"]
[Date "2025.02.23"]
[Round "7.2"]
[White "Wurzel, Andre"]
[Black "Gschwendtner, Klaus"]
[Result "0-1"]
[WhiteElo "2105"]
[BlackElo "2015"]
[Annotator "Stockfish 17"]
[PlyCount "64"]
[EventDate "2025.??.??"]
[WhiteTeam "SK Neuburg 1"]
[BlackTeam "SK Starnberg 1"]

{[%evp 15,64,14,19,16,49,50,34,13,15,14,38,17,17,25,34,34,68,64,90,79,91,91,91,
89,89,50,62,47,97,96,124,136,198,189,168,-243,-242,-307,-144,-214,-236,-280,
-284,-491,-473,-545,-535,-531,-535,-1197,-1209]} 1. d4 d5 2. c4 e6 3. Nc3 Nf6
4. cxd5 exd5 5. Bg5 Be7 6. e3 c6 (6... h6 7. Bf4 O-O 8. Bd3 c5 9. dxc5 Nc6 10.
Nf3 Bxc5 11. O-O a6 12. Rc1 Qe7 {Karpov,A-Ljubojevic,L Amber 1997}) (6... O-O
7. Bd3 Nbd7 8. Nge2 Re8 9. O-O Nf8 10. b4 a6 11. a3 c6 12. Qc2 g6 13. f3 Ne6 {
Kasparov,G-Short,N PCA-Wch London 1993}) 7. Bd3 Nbd7 8. Nge2 h6 9. Bh4 Nh5 10.
Bxe7 Qxe7 11. O-O O-O 12. Qd2 Nb6 13. b3 Bd7 14. Rae1 Rae8 15. Nc1 f5 $6 (15...
Qg5) 16. Bc2 Qg5 17. f3 Nc8 18. Nd3 $16 Nd6 19. Ne5 Bc8 20. Nd1 f4 21. Bg6 fxe3
22. Nxe3 Re6 23. Bb1 Nf7 $6 (23... Nf4 $16 {ist eine bessere Verteidigung.})
24. f4 $18 Nxf4 {[#]} 25. Rxf4 $4 {[%mdl 8192] macht aus einer Gewinnstellung
eine Verluststellung} (25. h4 Nh3+ 26. Kh2 Qxh4 27. Nf5 $18) 25... Qxf4 $19 26.
Rf1 {[#]} Qh4 (26... Qg5 $1 $19 {bietet bessere Gewinnchancen.} 27. h4 (27. Qd3
$2 g6 $19) 27... Qxh4) 27. Qd3 (27. Ng6 $17 Rxg6 28. Bxg6) 27... Ng5 {Und ...
Txf1+ würde nun gewinnen.} 28. Rxf8+ Kxf8 29. Qf5+ $2 (29. Qf1+ {war angesagt.
} Kg8 30. Nf5) 29... Kg8 {Schwarz steht klar auf Gewinn.} 30. N5g4 Qe1+ 31. Nf1
Ne4 ({Schlechter ist} 31... Re8 32. Nxh6+ gxh6 33. Qg6+ Kf8 34. Qxh6+ Ke7 35.
Qxg5+ Kd7 36. Bg6 $11) 32. Qh7+ $2 Kxh7 0-1

[Event "SK Neuburg 1-SK Starnberg 1"]
[Site "?"]
[Date "2025.02.23"]
[Round "7.3"]
[White "Szalewa, Sven"]
[Black "Foerch, Benedikt"]
[Result "0-1"]
[WhiteElo "2061"]
[BlackElo "2104"]
[Annotator "Stockfish 17"]
[PlyCount "200"]
[EventDate "2025.??.??"]
[WhiteTeam "SK Starnberg 1"]
[BlackTeam "SK Neuburg 1"]

{[%evp 15,200,-12,-8,-10,-3,-8,4,-2,-4,3,0,-16,2,4,6,-15,-15,-17,-17,-16,-19,
-15,-14,-17,-19,-18,-12,-16,-12,-15,-16,-15,7,5,9,7,16,15,18,0,0,0,0,-2,0,0,0,
-2,-2,-6,-4,-1,-3,-7,-2,-5,-3,-3,-3,-4,-6,-5,-6,-26,-4,-15,0,0,0,0,0,0,0,0,0,0,
0,0,0,0,0,0,0,0,0,0,0,0,0,-4,0,0,0,0,0,0,0,0,0,-2,-2,0,0,0,0,-2,-2,0,0,0,0,0,0,
0,0,0,0,0,0,0,0,0,0,0,0,0,0,0,0,0,0,0,0,0,0,0,0,0,0,0,0,0,-6,-5,0,0,0,0,0,0,0,
0,0,0,0,0,0,0,-1,-7,-17,-600,-599,-574,-551,-644,-589,-704,-674,-689,-597,-575,
-502,-928,-647,-769,-860,-785,-757,-655,-500,-686,-484,-994,-597,-29971,-29976]
} 1. d4 d5 2. Bf4 Nf6 3. e3 e6 4. Nf3 Bd6 5. Bg3 O-O 6. Nbd2 c5 7. c3 Qc7 8.
Bd3 Nbd7 9. O-O Bxg3 10. hxg3 e5 {Und weiter mit ...e4 wäre nett.} 11. dxe5
Nxe5 12. Nxe5 Qxe5 $11 13. Re1 Bf5 14. Nf3 Qe6 15. Bxf5 Qxf5 16. Qb3 b6 17. c4
Rfd8 18. Rad1 dxc4 19. Qxc4 Ne4 20. Qe2 Rd5 21. Qa6 Qd7 22. Rxd5 Qxd5 23. Qa4
Nd2 24. Nxd2 Qxd2 $11 {[%mdl 4160] [#] Endspiel Doppelangriff. KDT-KDT} 25. Rd1
Qe2 26. Qd7 {jetzt Dd8+! und aus.} h6 27. Qd2 Qxd2 28. Rxd2 $11 {KT-KT} Kf8 29.
Rd7 Ke8 30. Rb7 Rd8 31. Rxa7 Rd1+ 32. Kh2 Rd2 {[%mdl 64] [#] Doppelangriff} 33.
b3 Rxf2 34. Ra6 Kd7 35. Rxb6 Rxa2 {und nun wäre ...Te2 stark für Schwarz.}
36. Rb7+ Ke6 {Weiss sollte ...Te2 verhindern.} 37. Rb5 Rc2 38. b4 c4 39. Rc5
Kd6 40. e4 f6 41. g4 c3 42. Kg3 Rc1 43. Rc4 c2 44. b5 Ke5 45. b6 g6 46. b7 Rb1
47. Rxc2 Rb3+ 48. Kf2 (48. Kh4 {ist interessant.} Rxb7 49. Rc6 Rb3 50. g3 Rb4
51. Rc7) 48... Rxb7 49. g3 Kxe4 50. Re2+ Kd5 51. Re8 Rh7 52. Kf3 h5 53. Re1 (
53. gxh5 {sieht schärfer aus.} Rxh5 54. Rb8 Ke6 55. Rb6+ Kf7 56. Rb7+) 53...
Kd6 54. gxh5 Rxh5 55. Re8 Rf5+ 56. Kg2 Kd7 57. Rg8 Rg5 58. Ra8 Ke7 59. Ra7+ Kf8
60. Rb7 Re5 61. Ra7 Re7 (61... Re3 {hält die Spannung aufrecht.} 62. Kf2 Rd3
63. Kg2 Rb3 64. Kh2 Rb2+) 62. Ra2 Kg7 63. Rb2 Ra7 64. Rc2 Ra4 65. Rb2 Kh6 66.
Kh3 Kg5 67. Rc2 f5 68. Rf2 Re4 69. Ra2 Rd4 70. Rf2 Rd3 71. Kg2 Rd4 72. Ra2 Kg4
73. Rf2 g5 {zielt auf ...Td3 ab.} 74. Ra2 Re4 75. Rb2 Re3 76. Rb4+ Re4 77. Rb2
$1 Ra4 78. Rc2 Ra3 79. Rc4+ f4 80. gxf4 gxf4 81. Rc2 Rg3+ 82. Kf2 Rh3 {( -> ...
Th2+)} 83. Rc8 Rh2+ 84. Kg1 Re2 85. Kf1 Rb2 86. Ra8 Kg3 {Droht stark ...Tb1+.}
87. Rg8+ Kf3 {[%cal Rb2b1]} 88. Ke1 $2 {[%mdl 8192]} (88. Kg1 $11 Rb1+ 89. Kh2)
88... Rb1+ $19 89. Kd2 Kf2 90. Rh8 Rb7 91. Rh2+ Kg3 92. Rh8 Re7 93. Rh6 f3 94.
Rh8 (94. Rg6+ $142 Kf2 95. Rf6) 94... f2 95. Rg8+ Kh2 96. Rh8+ Kg2 97. Rg8+ Kf1
98. Ra8 Re5 99. Ra7 (99. Rf8 $142) 99... Rg5 100. Ke3 Kg1 0-1

[Event "SK Neuburg 1-SK Starnberg 1"]
[Site "?"]
[Date "2025.02.23"]
[Round "7.4"]
[White "Holl, Andreas"]
[Black "Ponater, Michael"]
[Result "1-0"]
[WhiteElo "2071"]
[BlackElo "2034"]
[Annotator "Stockfish 17"]
[PlyCount "105"]
[EventDate "2025.??.??"]
[WhiteTeam "SK Neuburg 1"]
[BlackTeam "SK Starnberg 1"]

{[%evp 16,105,86,87,92,93,85,76,73,71,105,94,107,103,89,70,110,102,171,159,251,
208,245,168,182,182,164,89,81,79,71,39,34,10,9,3,10,9,90,83,139,133,183,169,
180,183,177,166,210,114,111,106,112,106,141,143,172,161,348,144,244,38,49,42,
129,111,170,148,330,282,491,485,475,418,508,498,510,491,498,417,593,593,597,
605,760,769,752,590,634,640,652,652]} 1. d4 Nf6 2. Nf3 d5 3. c4 c6 4. e3 g6 5.
Nc3 Bg7 6. cxd5 cxd5 7. Bb5+ Bd7 8. Qb3 Bxb5 9. Qxb5+ {[%mdl 64] Doppelangriff}
Qd7 10. Ne5 Qxb5 11. Nxb5 {zielt auf Sc7+ ab.} Na6 12. Bd2 Nd7 13. Nd3 O-O 14.
Rc1 e5 15. O-O exd4 $16 16. exd4 Rac8 $6 (16... Rfe8 $16) 17. Be3 f5 $6 (17...
Ra8 $16 {ist eine bessere Verteidigung.} 18. Nd6 b6) 18. Rfd1 Nb6 19. Nd6 Rc7
20. Rxc7 Nxc7 {[#]} 21. Nxb7 (21. b3 $1 $18) 21... Nb5 $16 22. Nbc5 Re8 23. a4
$14 Nxd4 24. Bxd4 Bxd4 25. Kf1 Nc4 26. b3 Ne5 (26... Nd6 $11) 27. Nxe5 Bxc5 28.
Rxd5 {[%mdl 4096] Endspiel KTL-KTS} Bb4 29. Nd3 Rb8 30. Nxb4 Rxb4 $18 {KT-KT}
31. Rd3 a5 32. Re3 (32. Ke1 $18) 32... Kf7 33. Ke2 Kf6 34. Kd2 f4 35. Rd3 Ke5
36. Kc3 Re4 $2 (36... Rb7 {ist wohl besser.} 37. Rd8 Rc7+ 38. Kb2 Rc5) 37. Rd2
(37. Rd7 $18) 37... g5 (37... f3 $16) 38. Rb2 $2 (38. Rd8 $18) 38... g4 39. b4
axb4+ $2 ({Lieber} 39... Kd5 $14 40. bxa5 Rxa4 41. Rb5+ Kc6) 40. Rxb4 $16 Re2 {
[#]} 41. Rb2 $1 {[%cal Rb2e2]} Re4 (41... Re1 $16 42. a5 Rc1+ 43. Kb3 Ra1) 42.
Ra2 g3 $2 (42... Kd6 {war angesagt.} 43. a5 Kc7) 43. hxg3 $18 fxg3 44. f3 Re1
45. a5 {[%cal Ba4a5,Ba5a6,Ba6a7][%mdl 32]} Rc1+ 46. Kd3 Rd1+ 47. Kc4 Kf4 (47...
Rc1+ $142 48. Kb5 Kd6) 48. a6 {Weiß steht klar auf Gewinn.} Rc1+ 49. Kd5 Rd1+
50. Kc6 Rc1+ 51. Kb6 Rb1+ 52. Ka5 Rb8 53. a7 1-0

[Event "SK Neuburg 1-SK Starnberg 1"]
[Site "?"]
[Date "2025.02.23"]
[Round "7.5"]
[White "Flemming, Achim"]
[Black "Ebenhoech, Daniel"]
[Result "1-0"]
[WhiteElo "2012"]
[BlackElo "1978"]
[Annotator "Stockfish 17"]
[PlyCount "133"]
[EventDate "2025.??.??"]
[WhiteTeam "SK Starnberg 1"]
[BlackTeam "SK Neuburg 1"]

{[%evp 9,133,16,99,99,107,59,53,50,47,51,55,-28,4,-22,-20,-96,-93,-122,-7,-328,
-332,-302,-299,-349,-242,-223,-195,-193,-141,-137,-135,-121,-80,-61,-71,-141,
-91,-98,-28,-106,-98,-150,-74,-60,-47,-105,-33,-36,-32,-31,-31,-57,-33,-45,-26,
-32,-3,-115,-107,-163,-167,-153,-52,-50,-54,-110,-101,-139,-123,-136,-127,-134,
-129,-143,-142,-150,-148,-167,-155,-171,-159,-179,-178,-226,-222,-228,-240,
-242,-213,-240,-244,-358,-245,-364,-239,-367,-216,-288,-280,-322,-313,-311,
-271,-286,-219,-276,-280,-269,-256,-273,-259,-268,-76,-63,0,0,10,-62,-52,-79,0,
0,437,427,470,456]} 1. Nc3 c5 2. Nf3 Nc6 3. d4 cxd4 4. Nxd4 Nf6 5. e4 Qa5 $6 (
5... e5 $11 {bleibt in der Remisbreite.} 6. Ndb5 d6) 6. Nb3 $16 Qc7 7. Bg5 e6
8. Qd2 a6 9. O-O-O b5 10. Qe1 (10. Kb1 $14) 10... Bb4 11. a3 Be7 12. f4 $2 (12.
Kb1 $11) 12... h6 $1 $17 13. Qh4 Rg8 (13... O-O $17 14. Bxf6 Bxf6) 14. Rd3 $4 {
[%mdl 8192]} (14. Bxf6 Bxf6 15. Qf2 Bxc3 16. bxc3 $11 {war der Ausweg}) 14...
hxg5 $19 15. fxg5 {[#]} Ne5 $1 16. Rg3 (16. gxf6 Nxd3+) 16... Nfg4 (16... Ng6
$1 17. Qh3 Nf4 18. Qh4 Ng6 $19) 17. Be2 {[#]} Bb7 $1 18. Bxg4 O-O-O {zielt auf
...Th8 ab.} (18... Ng6 $1 19. Qh7 O-O-O $19) 19. Rh3 Ng6 20. Qf2 Bxg5+ 21. Kb1
Bf6 $15 22. Re1 $2 (22. Be2 $142) 22... Ne5 23. Be2 Bc6 $14 (23... Rh8 $17 24.
Rxh8 Rxh8) 24. Qc5 $2 (24. a4 $11) 24... d6 $17 25. Qb4 Bb7 ({Lieber} 25... Kd7
26. Na5 Rh8 27. Rxh8 Rxh8) 26. Na5 Qc5 27. Qb3 {[%cal Rc3b5] Droht Sxb5!} Qb6 (
27... Bc6 $17 28. Nxc6 Nxc6) 28. Nxb7 $15 Kxb7 29. a4 {[%cal Ra4b5]} b4 30. a5
Qxa5 31. Na2 Nc6 $11 32. c3 Qb6 {Weiss sollte ...bxc3 verhindern.} 33. cxb4 $6
(33. Nxb4 $11 {hält das Gleichgewicht.} Nxb4 34. cxb4) 33... Nd4 $36 {[%mdl
2048] Läuft bei Schwarz.} 34. Qa4 Nxe2 35. Rxe2 Qb5 (35... Qg1+ $17 36. Kc2
Qf1) 36. Qd1 Rc8 {[%cal Bd8c8,Bc8c7,Bc7c4][%mdl 32]} 37. Rd2 Rgd8 38. Rh5 Qc6
39. Qe2 Be5 $17 40. Rh3 Qc4 41. Rhd3 Rc7 42. g3 Rdc8 43. Qe3 Qb5 44. Qf3 Qb6
45. Qe2 Rc4 46. Rb3 Qc6 47. Re3 Rc7 48. Qe1 Bf6 49. Rde2 Kc8 50. Ra3 (50. h4
$142) 50... Kd7 (50... Rxe4 $1 51. Nc3 (51. Rxe4 $4 Qc2+ 52. Ka1 Qxb2#) 51...
Rxb4 $19) 51. Rd3 (51. Qh1 $142) 51... Ke8 (51... Rxe4 $1 52. Rxe4 Qc2+ 53. Ka1
Qxb2# {war wieder die Chance}) 52. Ra3 {[#]} (52. Rdd2 {kämpft weiter.}) 52...
Bd4 (52... Rxe4 $142 $3 {[%mdl 512]} 53. Rd3 d5) 53. Rd3 {Und b3 würde nun
gewinnen.} Qb5 54. Red2 Be5 55. Qe3 Qc6 56. Re2 Ke7 57. Qg5+ Ke8 58. Qe3 Kf8
59. Rd1 Qb5 60. Rdd2 Bf6 $2 (60... g6 $19 {und Schwarz behält klar die
Oberhand.} 61. Qd3 Qb6) 61. Rxd6 $17 Bg5 (61... Rc8 $15) 62. Qd3 $1 $11 Rc8 63.
h4 ({Besser ist} 63. b3 $11 R4c6 64. Qxb5 axb5 65. Rxc6 Rxc6 66. e5) 63... Be7
$15 64. Rd7 Bf6 ({Jedoch nicht} 64... Bxb4 $2 65. Rd8+ Rxd8 66. Qxd8+ Qe8 67.
Qd3 $18) (64... Qe5 $17) 65. e5 $11 {[%mdl 64] Ablenkung} Bxe5 $4 {[%mdl 8192]}
(65... Ke8 $11 {und Schwarz muss sich keine Sorgen machen.} 66. b3 Rg4 67. Qxb5
axb5) 66. Rd8+ $18 Ke7 67. Rxc8 {[%csl Gc8][%cal Rd3d8]} 1-0

[Event "SK Neuburg 1-SK Starnberg 1"]
[Site "?"]
[Date "2025.02.23"]
[Round "7.6"]
[White "Heppert, Lars"]
[Black "Wehr, Stephan"]
[Result "1/2-1/2"]
[WhiteElo "1915"]
[BlackElo "1996"]
[Annotator "Stockfish 17"]
[PlyCount "44"]
[EventDate "2025.??.??"]
[WhiteTeam "SK Neuburg 1"]
[BlackTeam "SK Starnberg 1"]

{[%evp 15,44,58,141,77,94,70,102,95,104,108,111,95,153,135,160,134,198,107,160,
145,228,80,233,214,309,273,272,266,308,272,307]} 1. c4 Nf6 2. Nf3 b6 3. Nc3 Bb7
4. d4 e6 5. a3 Be7 6. d5 O-O 7. e4 d6 8. Bd3 a5 $6 ({Lieber} 8... exd5 $14 9.
exd5 (9. cxd5 c6 $11) 9... c6) 9. b3 (9. Nd4 $142 $16) 9... Nfd7 10. Bb2 Bf6
11. O-O Nc5 12. Bc2 Nbd7 13. Nd4 Qe7 14. Qd2 g6 15. f4 Bg7 $2 (15... Bxd4+ $16
16. Qxd4 e5) 16. Nf3 (16. Rae1 $18) 16... Rfe8 17. Rae1 Qf8 $2 {[#]} (17...
exd5 $16 {war einen Versuch wert.} 18. Nxd5 Qd8 19. Bxg7 Kxg7) 18. e5 (18. b4
$1 $18 {ist viel giftiger.}) 18... Rad8 $2 (18... dxe5 $16 19. fxe5 exd5 20.
Nxd5 Ne6) 19. Nb5 $18 Na6 (19... dxe5 $142 20. Nxc7 Nd3 21. Nxe8 (21. Bxd3 Qc5+
22. Kh1 Qxc7 $18) 21... Nxe1) 20. dxe6 fxe6 {[#]} 21. Ng5 $1 d5 22. Qf2 (22.
cxd5 $1 Qc5+ (22... Bxd5 23. f5 $1 gxf5 24. Bxf5 $18) 23. Nd4 Nf8 24. dxe6 $18)
22... Qe7 $18 {[%mdl 32768]} (22... Qe7 23. Nxe6 $1 Qxe6 24. f5 Qf7 (24... Qe7
25. f6 $18) 25. e6 $18) 1/2-1/2

[Event "SK Neuburg 1-SK Starnberg 1"]
[Site "?"]
[Date "2025.02.23"]
[Round "7.7"]
[White "Absmaier, Friedrich"]
[Black "Vaccaroni, Juan Manuel"]
[Result "1-0"]
[WhiteElo "2014"]
[BlackElo "1940"]
[Annotator "Stockfish 17"]
[PlyCount "31"]
[EventDate "2025.??.??"]
[WhiteTeam "SK Starnberg 1"]
[BlackTeam "SK Neuburg 1"]

{[%evp 9,31,230,213,221,189,202,282,294,263,261,432,405,444,397,382,376,369,
291,458,454,617,598,972,978]} 1. e4 e5 2. Nc3 Nf6 3. d4 (3. f4 d5 4. fxe5 Nxe4
5. Nf3 Be7 6. d4 {wäre eine gängige Variante}) 3... Bb4 $2 (3... exd4 4. Qxd4
Nc6 5. Qd3 $11) 4. dxe5 $18 (4. Bg5 h6 5. Bxf6 Bxc3+ 6. bxc3 Qxf6 7. Qh5 $2 (7.
Bc4 Qg6 8. Qd3 Qxg2 9. O-O-O Qxh1 10. Nf3 Qg2 11. Rg1 $13 {ist spielbar}) 7...
exd4 8. e5 $19 {Romanska,M-Clune,T IECG 1995}) 4... Nxe4 5. Qg4 d5 6. Qxg7 Rf8
{[#] ...d4 ist eine echte Drohung.} 7. a3 Bc5 8. Nxe4 {Weiß hat
entscheidenden Vorteil.} dxe4 9. Ne2 Bf5 $2 (9... Qh4 {ist eine bessere
Verteidigung.} 10. Ng3 Be7) 10. Bg5 $18 Qd5 11. Nc3 Qe6 12. O-O-O {[%csl Gg5]
[%cal Rd1d8] [#]} Nd7 13. Nd5 {[%cal Rd5c7]} Bb6 (13... Rc8 $142 14. b4 c6) 14.
Be7 {Weiß steht klar auf Gewinn.} Qxe5 15. Bxf8 O-O-O 16. Qxe5 1-0

[Event "SK Neuburg 1-SK Starnberg 1"]
[Site "?"]
[Date "2025.02.23"]
[Round "7.8"]
[White "Liesecke, Christian"]
[Black "Strecker, Gerhard"]
[Result "1-0"]
[WhiteElo "1926"]
[BlackElo "1847"]
[Annotator "Stockfish 17"]
[PlyCount "81"]
[EventDate "2025.??.??"]
[WhiteTeam "SK Neuburg 1"]
[BlackTeam "SK Starnberg 1"]

{[%evp 14,81,15,12,44,38,57,25,38,25,40,36,39,4,10,14,29,24,31,-27,-3,-6,31,15,
22,20,54,41,50,41,0,-100,-105,-111,-108,-195,-186,-192,-189,-193,-174,-168,
-172,-169,-74,-78,-69,-90,-92,-108,-62,-96,-104,-113,-12,-21,236,235,327,213,
221,217,204,109,603,453,29990,29991,29991,29992]} 1. d4 Nf6 2. c4 e6 3. Nf3 b6
4. a3 Bb7 5. Nc3 d5 6. cxd5 Nxd5 7. Qc2 Nxc3 8. bxc3 h6 9. e4 Nd7 10. Bb5 c6
11. Bc4 Be7 12. O-O O-O 13. Bb2 Qc7 14. Qe2 Rfe8 15. e5 c5 16. Rac1 a6 17. Nd2
Qc6 {[%csl Gb7][%cal Rc6g2]} 18. f4 b5 19. Bd3 Rab8 20. f5 Bg5 21. Be4 Qb6 22.
Rcd1 $6 (22. Bxb7 $11 {hält das Gleichgewicht.} Rxb7 23. f6) 22... cxd4 $17
23. cxd4 exf5 24. Bxb7 $6 (24. Rxf5 $17 Nxe5 25. Bxb7) 24... Rxe5 $1 $19 25.
Qd3 {Und weiter mit Lf3 wäre nett.} ({Aber nicht} 25. Qf2 $2 Be3 $1 $19 {
[%mdl 512]}) 25... Rxb7 26. Nf3 Rd5 27. Nxg5 hxg5 28. Rxf5 Rxf5 (28... Qe6 $19
{ist viel giftiger.} 29. Rxd5 Qxd5) 29. Qxf5 $17 Qf6 30. Qc2 Nb6 31. d5 Qd8 32.
Qc3 {[%csl Gb2][%cal Rc3g7]} f6 33. Qc6 $6 {[#]} Rd7 (33... Qd7 $142 $1 $17 {
zielt auf ...Dxc6 ab.} 34. Qc5 Na4) 34. Qe6+ $11 Kf8 $2 {[%mdl 8192]} (34...
Kh7 $11 35. Qf5+ g6 36. Qxf6 Qxf6 37. Bxf6 g4) 35. Bc3 $18 Nc8 {Schwarz will ..
.Db6+ spielen.} 36. Bb4+ ({Schwächer ist} 36. Qxa6 Qb6+ 37. Qxb6 Nxb6 $11) (
36. Ba5 $1) 36... Nd6 37. Rc1 {Droht Tc6 und aus.} a5 {[#]} 38. Bxa5 Qe8 $2 {
[%mdl 8192]} (38... Qxa5 $16 39. Qxd7 Qxa3 40. Qd8+ Kf7 41. Qc7+ Kg6) 39. Rc6
Nc8 {[#]} (39... Re7 $18 40. Qxd6 Kf7) 40. Rxc8 $1 {[%mdl 512]} Qxc8 41. Bb4+
1-0

[Event "TV Tegernsee 1-MTV Ingolstadt 1"]
[Site "?"]
[Date "2025.02.23"]
[Round "7.1"]
[White "Lechermann, Markus"]
[Black "Manakov, Ilya"]
[Result "0-1"]
[WhiteElo "2093"]
[BlackElo "2297"]
[Annotator "Stockfish 17"]
[PlyCount "80"]
[EventDate "2025.??.??"]
[WhiteTeam "MTV Ingolstadt 1"]
[BlackTeam "TV Tegernsee 1"]

{[%evp 10,80,-11,-6,1,-22,13,-23,-15,-26,-14,-34,-34,-39,-23,-34,-40,-43,-36,
-58,-22,-20,-7,-36,-2,-1,-5,-11,-2,-33,-50,-85,-32,-32,-33,-28,-27,-34,-32,-31,
-27,-151,-54,-61,-64,-73,-81,-375,-394,-386,-387,-369,-360,-345,-346,-395,-384,
-368,-375,-391,-389,-406,-397,-493,-492,-526,-513,-525,-518,-542,-511,-487,
-480]} 1. d4 Nf6 2. Bg5 d5 3. Bxf6 exf6 4. e3 g6 5. c4 dxc4 6. Bxc4 Bd6 7. Nc3
f5 8. g3 Nd7 9. Rc1 O-O 10. Nge2 Nf6 11. O-O a6 12. a4 c6 13. Qc2 Re8 14. Rfd1
Qe7 15. a5 h5 16. Na4 h4 17. Nb6 ({Falsch wäre} 17. gxh4 $2 Ng4 $19) 17... Rb8
18. Nf4 ({Nicht} 18. gxh4 $2 Ng4 $19) 18... Kg7 19. Be2 ({Ein No Go ist} 19.
gxh4 Ng4 $15) (19. d5 {ist vielschichtiger.} Bc7 20. Qc3 Be5 21. Qc2 Nd7 22.
Qb3) 19... hxg3 20. hxg3 Bxf4 21. gxf4 Ng4 22. Bxg4 fxg4 23. Nxc8 Rbxc8 24. Kg2
$1 Qe6 {zielt auf ...Dd5+ ab.} 25. Kg3 $6 {[#]} (25. d5 $11 cxd5 {[%mdl 64]
Abzugsangriff} 26. Qd3) 25... Rh8 ({Lieber} 25... Qd5 $1 $17 {[%cal Rd5f3] (
-> ...Df3+)} 26. Qe2 f5) 26. Rh1 $15 Rce8 27. Qe2 f5 $40 {[%mdl 128] Und
weiter mit ...g5! wäre nett. Schwarz greift entschieden an.} 28. e4 $2 {
[%mdl 8192]} (28. d5 $17 Qxd5 29. Rcd1 Qxh1 30. Rxh1 Rxh1 31. Qd3) 28... Rxh1
$19 29. Rxh1 Qxe4 30. Qxe4 Rxe4 {[%mdl 4096] Endspiel KT-KT} 31. Rd1 Re2 32. b3
{Falls Weiss jetzt zu d5 käme, bestünde noch etwas Hoffnung.} Rb2 33. Rd3 Kf6
34. f3 gxf3 35. Kxf3 Ke6 36. Re3+ Kd5 {Schwarz steht klar auf Gewinn.} 37. Re5+
Kxd4 38. Re6 Rxb3+ 39. Kf2 c5 40. Rxg6 Ke4 0-1

[Event "TV Tegernsee 1-MTV Ingolstadt 1"]
[Site "?"]
[Date "2025.02.23"]
[Round "7.2"]
[White "Shen, Tingrui"]
[Black "Glawe, Ralf"]
[Result "1-0"]
[WhiteElo "2123"]
[BlackElo "2003"]
[Annotator "Stockfish 17"]
[PlyCount "59"]
[EventDate "2025.??.??"]
[WhiteTeam "TV Tegernsee 1"]
[BlackTeam "MTV Ingolstadt 1"]

{[%evp 9,58,-23,-25,-21,-30,-40,-44,-47,-40,-49,3,5,-6,-8,1,2,2,0,3,2,207,186,
250,213,268,237,290,63,60,50,71,47,345,362,821,808,769,703,794,782,29978,29979,
1290,1092,29991,29992,29997,29998,29998,29999,29999]} 1. Nf3 Nf6 2. g3 c5 3.
Bg2 Nc6 4. d4 cxd4 5. Nxd4 e5 6. Nxc6 dxc6 7. Nd2 Bc5 8. O-O $15 Qe7 9. c3 h5
10. b4 {[%cal Bb2b4,Bb4b5][%mdl 32]} Bb6 11. h4 Be6 12. a4 a6 13. Ba3 Rd8 14.
Qc2 g5 $2 (14... O-O $11 {und Schwarz ist OK.}) 15. b5 Qc7 (15... Bc5 $142) 16.
hxg5 h4 17. gxf6 {a5! ist eine echte Drohung.} e4 18. Nxe4 (18. a5 $18 Bxf2+ {
[%mdl 64] Verteidiger eliminieren} 19. Rxf2) 18... hxg3 $14 19. Nc5 $2 {
Und De4 würde nun gewinnen.} (19. bxc6 bxc6 20. Rab1 $18) 19... gxf2+ 20. Rxf2
Qh2+ $4 {[%mdl 8192]} ({Günstiger ist} 20... Bd5 $1 $14 21. e3 (21. bxa6 $2 {
führt zum Matt.} Qh2+ 22. Kf1 Qh1+ {[%mdl 64] Grundreihe} 23. Bxh1 Rxh1#)
21... Qg3) 21. Kf1 $18 Rg8 $2 (21... Qg3 22. bxc6 Rd5 23. cxb7 Bxc5 24. Bxc5
Rxc5) 22. Bxc6+ {[%mdl 64] Abzugsangriff} bxc6 23. Rxh2 Rd5 {[#]} 24. Rd1 $1 {
Und weiter mit Txd5 wäre nett.} Rxc5 (24... Rf5+ 25. Ke1) 25. Bxc5 Bxc5 26.
Rg2 Rh8 {[#]} 27. Qh7 $3 {[%mdl 64] Ablenkung, Grundreihe. Weiß setzt Matt.}
Rxh7 (27... Bd5 28. Qxh8+) 28. Rg8+ Bf8 {[#]} 29. Rxf8+ $1 {[%mdl 576]
Ablenkung, Grundreihe} Kxf8 30. Rd8# 1-0

[Event "TV Tegernsee 1-MTV Ingolstadt 1"]
[Site "?"]
[Date "2025.02.23"]
[Round "7.3"]
[White "Eichschmied, Patrick"]
[Black "Thiel, Fabian"]
[Result "0-1"]
[WhiteElo "1947"]
[BlackElo "2154"]
[Annotator "Stockfish 17"]
[PlyCount "72"]
[EventDate "2025.??.??"]
[WhiteTeam "MTV Ingolstadt 1"]
[BlackTeam "TV Tegernsee 1"]

{[%evp 10,72,23,12,22,15,24,25,44,23,25,16,15,9,11,0,7,-2,23,0,92,79,68,58,61,
60,67,26,23,26,33,-124,-136,-194,-153,-258,-249,-238,-236,-236,-176,-176,-186,
-199,-234,-231,-162,-287,-297,-310,-306,-363,-360,-363,-343,-345,-337,-399,
-376,-554,-539,-656,-656,-822,-806]} 1. e4 c6 2. d4 d5 3. Nc3 dxe4 4. Nxe4 Nf6
5. Nxf6+ exf6 6. Be3 Bd6 7. Bd3 O-O 8. Ne2 Bg4 9. O-O Re8 10. c4 Nd7 11. Qc2
Nf8 12. Rfe1 Qc7 13. h3 Bh5 14. c5 Be7 $6 (14... Bxe2 $11 {hält das
Gleichgewicht.} 15. Rxe2 (15. Qxe2 Bh2+ 16. Kh1 Bf4 $11) 15... Bh2+ 16. Kh1 Bf4
) 15. Nf4 Bg6 16. Nxg6 hxg6 17. Bc4 f5 18. g3 Bf6 19. Rad1 Ne6 20. f4 $2 {[#]}
(20. d5 $14 {behält die Oberhand.} cxd5 21. Bxd5) 20... Nxd4 $1 $17 {[%mdl
512]} 21. Qf2 {[#]} (21. Bxd4 Bxd4+ 22. Kg2 $17) 21... Rad8 22. Bxd4 (22. Kg2
$17) 22... Rxe1+ $19 23. Qxe1 {zielt auf Lf2 ab.} Bxd4+ 24. Kg2 Bxc5 (24...
Bxb2 $1 $19) 25. Qe5 Bd6 26. Qe3 b5 27. Bb3 a5 {[%cal Ba7a5,Ba5a4][%mdl 32]}
28. a3 (28. a4 {war einen Versuch wert.}) 28... a4 29. Ba2 Bf8 30. Rxd8 Qxd8
31. Qa7 Qe8 32. Kf1 Be7 33. Qe3 Qd7 34. b3 Qd1+ {Schwarz steht klar auf Gewinn.
} 35. Kf2 Qc2+ {[%mdl 64] Doppelangriff} 36. Qe2 axb3 0-1